Formel 1 - Gruppen #1 - Statistiken

Allgemein
  • Dieses Quiz wurde 331 mal gespielt
  • Das Durchschnittsergebnis liegt bei 24 aus 36
Antwortstatistiken
3-time world champions % Korrekt
Max Verstappen (17J 05M)
97%
Mercedes (223)
96%
Sebastian Vettel (53)
96%
1
95%
Michael Schumacher (91)
95%
Ralf Schumacher (6)
95%
Sebastian Vettel (19J 11M)
95%
Ferrari (249)
94%
3
92%
5
89%
2
87%
6
84%
Nico Rosberg (23)
80%
Ayrton Senna
78%
Singapur (Marina Bay)
78%
44
77%
Renault (169)
77%
Honda (89)
76%
Bahrain (Sakhir)
73%
Niki Lauda
70%
Las Vegas (USA)
69%
Vereinigte Arabische Emirate (Abu Dhabi)
69%
Katar (Lusail)
67%
Saudi Arabien (Dschidda)
66%
Andrea Kimi Antonelli (18J 06M)
56%
Heinz-Harald Frentzen (3)
50%
Lando Norris (19J 04M)
46%
Nelson Piquet
45%
Ford Cosworth (176)
35%
Jackie Stewart
35%
Jack Brabham
30%
Oliver Bearman (18J 10M)
29%
Lance Stroll (18J 07M)
27%
Wolfgang von Trips (2)
25%
Jochen Mass (1)
23%
Daniil Kvyat (19J 10M)
6%
Keine übereinstimmenden Quizze gefunden
Verteilung der Resultate
Anzahl Personen mit jedem Resultat
Perzentil nach korrekt beantworteten Fragen
Ihre Resultats-Entwicklung
Sie haben dieses Quiz noch nicht gespielt